000 00640cam a22002173a 4500
001 39125
003 PGUSA
005 20140828083852.0
008 120313s2012||||xxu|||||s|||||000 | eng d
040 _aPGUSA
_beng
042 _adc
100 1 _aAnderson, Marilyn D.
245 1 0 _aMaggie's Wish
_h[electronic resource] /
_cMarilyn D. Anderson
260 _bProject Gutenberg,
_c2012
506 _aCopyrighted. Read the copyright notice inside this book for details.
516 _aElectronic text
700 1 _aMiller, Dennis E.
830 0 _aProject Gutenberg
_v39125
856 4 0 _uhttp://www.gutenberg.org/ebooks/39125
942 _cEB
999 _c268378
_d268378